Spherical astronomy (Record no. 14687)

MARC details
000 -LEADER
fixed length control field 00551nam a2200205Ia 4500
003 - CONTROL NUMBER IDENTIFIER
control field IN-BaIIA
008 - FIXED-LENGTH DATA ELEMENTS--GENERAL INFORMATION
fixed length control field 211028s9999 xx 000 0 eng d
020 ## - INTERNATIONAL STANDARD BOOK NUMBER
International Standard Book Number 0-521-31779-7
040 ## - CATALOGING SOURCE
Transcribing agency IIA Library
080 ## - UNIVERSAL DECIMAL CLASSIFICATION NUMBER
Universal Decimal Classification number 521.9
Item number GRE
100 ## - MAIN ENTRY--PERSONAL NAME
Personal name Green,R. M
9 (RLIN) 26236
245 #0 - TITLE STATEMENT
Title Spherical astronomy
Statement of responsibility, etc. R. M. Green
260 ## - PUBLICATION, DISTRIBUTION, ETC.
Place of publication, distribution, etc. Cambridge
Name of publisher, distributor, etc. Cambridge University Press
Date of publication, distribution, etc. 1985
300 ## - PHYSICAL DESCRIPTION
Extent xiv, 520p.
650 ## - SUBJECT ADDED ENTRY--TOPICAL TERM
Topical term or geographic name entry element Binary stars
9 (RLIN) 1185
650 ## - SUBJECT ADDED ENTRY--TOPICAL TERM
Topical term or geographic name entry element Celestial sphere
9 (RLIN) 1503
650 ## - SUBJECT ADDED ENTRY--TOPICAL TERM
Topical term or geographic name entry element Radio astronomy
9 (RLIN) 2849
650 ## - SUBJECT ADDED ENTRY--TOPICAL TERM
Topical term or geographic name entry element Spherical astronomy
942 ## - ADDED ENTRY ELEMENTS (KOHA)
Koha item type Books
Holdings
Withdrawn status Lost status Damaged status Not for loan Home library Current library Shelving location Date acquired Cost, normal purchase price Total Checkouts Total Renewals Full call number Barcode Date last seen Date last checked out Cost, replacement price Price effective from Koha item type Purchase Price
        IIA Library-Bangalore IIA Library-Bangalore General Stacks 28/06/2002 2302.55 1 2 521.9/ GRE 15609 09/09/2024 09/09/2024 2302.55 28/06/2002 Books Rs. 2302.55

Powered by Koha